|
|
|
|
| LEADER |
01435nam a2200421 a 4500 |
| 001 |
EBC221217 |
| 003 |
MiAaPQ |
| 005 |
20200520144314.0 |
| 006 |
m o d | |
| 007 |
cr cn||||||||| |
| 008 |
041220s2005 njua s 001 0 eng |
| 010 |
|
|
|z 2004304972
|
| 015 |
|
|
|a GBA473281
|2 bnb
|
| 016 |
7 |
|
|z 013012364
|2 Uk
|
| 020 |
|
|
|z 0471683302 (pbk.)
|
| 035 |
|
|
|a (MiAaPQ)EBC221217
|
| 035 |
|
|
|a (Au-PeEL)EBL221217
|
| 035 |
|
|
|a (CaPaEBR)ebr10114158
|
| 035 |
|
|
|a (CaONFJC)MIL26567
|
| 035 |
|
|
|a (OCoLC)57471258
|
| 040 |
|
|
|a MiAaPQ
|c MiAaPQ
|d MiAaPQ
|
| 050 |
|
4 |
|a HF5657.4
|b .R63 2005
|
| 082 |
0 |
4 |
|a 658.1511
|2 22
|
| 100 |
1 |
|
|a Roehl-Anderson, Janice M.
|
| 245 |
1 |
4 |
|a The controller's function
|h [electronic resource] :
|b the work of the managerial accountant /
|c Janice Roehl-Anderson, Steven M. Bragg.
|
| 250 |
|
|
|a 3rd ed.
|
| 260 |
|
|
|a Hoboken, N.J. :
|b Wiley,
|c c2005.
|
| 300 |
|
|
|a xvi, 460 p. :
|b ill.
|
| 500 |
|
|
|a Includes index.
|
| 533 |
|
|
|a Electronic reproduction. Ann Arbor, MI : ProQuest, 2015. Available via World Wide Web. Access may be limited to ProQuest affiliated libraries.
|
| 650 |
|
0 |
|a Managerial accounting.
|
| 650 |
|
0 |
|a Controllership.
|
| 650 |
|
0 |
|a Auditing.
|
| 650 |
|
0 |
|a Budget in business.
|
| 655 |
|
4 |
|a Electronic books.
|
| 700 |
1 |
|
|a Bragg, Steven M.
|
| 710 |
2 |
|
|a ProQuest (Firm)
|
| 856 |
4 |
0 |
|u https://ebookcentral.proquest.com/lib/matrademy/detail.action?docID=221217
|z Click to View
|